Movies Quiz

Random Movies or Clickable Quiz
Score 0/25 Timer 04:00
0 Plays Today
% Correct
The Blues Brothers
91%
Bodyguard
89.9%
Ray
88.8%
Walk the line
85.4%
The Doors
83.1%
Dreamgirls
82%
The Pianist
82%
8 Mile
79.8%
Coal Miner's Daughter
78.7%
Rock of Ages
77.5%
La vie en rose
77.5%
Glitter
74.2%
Crossroads
70.8%
% Correct
G.I. Blues
66.3%
Amadeus
64%
Behind the Candelabra
62.9%
The Fabulous Baker Boys
57.3%
New York, New York
56.2%
Immortal Beloved
51.7%
The Soloist
50.6%
This is Spinal Tap
49.4%
The Phantom of the Opera
40.4%
Five Easy Pieces
39.3%
The Commitments
30.3%
Intermezzo
29.2%
Remove Ads.
Support Sporcle.
Get the best of Sporcle when you Go Orange. This ad-free experience offers more features, more stats, and more fun while also helping to support Sporcle. Thank you for becoming a member.

You're not logged in!

Compare scores with friends on all Sporcle quizzes.
OR
Log In

Show Comments

Extras

Top Quizzes Today


Score Distribution

Your Account Isn't Verified!

In order to create a playlist on Sporcle, you need to verify the email address you used during registration. Go to your Sporcle Settings to finish the process.

Report this User

Report this user for behavior that violates our Community Guidelines.

Details: